Сб. 17; Передача энергии постоянным и переменным током. Труды НИИ постоянного тока

Opis bibliograficzny
Parent link:Передача энергии постоянным и переменным током. Труды НИИ постоянного тока: [сборник статей]/ Научно-исследовательский институт постоянного тока. Сб. 17.— , 1971-1980
Kolejni autorzy: Тиходеев Н. Н.
Streszczenie:Сборник посвящен 25-летию Института
Język:rosyjski
Wydane: 1971
Hasła przedmiotowe:
Format: MixedMaterials Książka
KOHA link:https://koha.lib.tpu.ru/cgi-bin/koha/opac-detail.pl?biblionumber=378430

MARC

LEADER 00000nam2a2200000 4500
001 378430
005 20231102013014.0
035 |a (RuTPU)RU\TPU\retro\35886 
035 |a RU\TPU\retro\35864 
090 |a 378430 
100 |a 20230531d1971 k y0rusy50 ca 
101 0 |a rus 
102 |a RU 
105 |a y z 011zy 
200 0 |a Сб. 17  |f гл. ред. Н. Н. Тиходеев 
210 |d 1971 
215 |a 272 с. 
300 |a Сборник посвящен 25-летию Института 
320 |a Библиогр. в конце статей 
461 1 |0 (RuTPU)RU\TPU\retro\36301  |t Передача энергии постоянным и переменным током. Труды НИИ постоянного тока  |o [сборник статей]  |f Научно-исследовательский институт постоянного тока  |v Сб. 17  |d 1971-1980 
606 1 |a Электрическая энергия  |x Передача на расстояние  |2 stltpush  |3 (RuTPU)RU\TPU\subj\26887  |9 50721 
610 1 |a инвенторы 
610 1 |a регуляторы угла 
610 1 |a устойчивость 
610 1 |a ртутные вентили 
610 1 |a групповые соединения 
610 1 |a моделирование 
610 1 |a многообмоточный трансформатор 
610 1 |a схемы замещения 
610 1 |a последовательное соединение 
610 1 |a полупроводниковые преобразователи 
610 1 |a аварийные режимы 
610 1 |a охлаждение 
610 1 |a надежность 
610 1 |a наружные предохранители 
610 1 |a синхронные генераторы 
610 1 |a расчеты 
610 1 |a изоляторы 
610 1 |a влагоустойчивость 
610 1 |a коммутационные перенапряжения 
610 1 |a бумажно-масляная изоляция 
610 1 |a тепловой режим 
610 1 |a ртутный вентиль-дуатрон 
675 |a 621.315.1.05  |v 3 
702 1 |a Тиходеев  |b Н. Н.  |4 651 
801 1 |a RU  |b 63413507  |c 20030925  |g PSBO 
801 2 |a RU  |b 63413507  |c 20230616  |g PSBO 
942 |c BK